000 00430nam a2200181Ia 4500
003 GCL
008 140319s9999 xx 000 0 eng d
040 _aGCL /
_cGCL
082 0 4 _a617.7
_bK A
100 1 _aKHAW, P.T
245 1 0 _aABC OF EYES /
_cKHAW, P.T
700 1 _aELKINGTON, A.R
260 _a[S.N] :
_bB M J PUBLISHING GROUP ،
_c1994
300 _a59
650 0 4 _aOPHTHALMOLOGY
650 0 4 _aEYE
942 _2ddc
_cBK
999 _c10839
_d10839